000 01149nam a22003737a 4500
001 BR7500051
003 BR-BrBNA
005 20230928084706.0
007 ta
008 230509b bl.||||| |||| 00| 0 por d
040 _aBR-BrBNA
_bpor
_cBiblioteca Nacional de Agricultura
041 _a(Por)
072 _aF25; E15
_b0150
_b3810
_b3820
_b3830
_b3840
_b/G514
090 _ 0150 BR7500051
110 1 _aAssociacao Nordestina de Credito e Assistencia Rural do Ceara, Fortaleza (Brasil). Assessoria de Fertilizantes e Corretivos
_9701
245 1 _aResultados dos ensaios de adubacao de arroz na zona fisiografica do Cariri e Baturite [Ceara, Brasil]
_bFAO/ANDA/ABCAR/BNB/MA
260 3 _aFortaleza, CE (Brasil):
_c1974.
300 _a15 p.
500 _a9 tables
650 _aARROZ
650 _aSOLO
650 _aADUBACAO
650 _aFERTILIZANTE POTASSICO
650 _aFERTILIZANTE NITROGENADO
650 _aFERTILIZANTE FOSFATADO
650 _aCALCARIO
650 _aRENDIMENTO
650 _aLUCRO
650 _aCARIRI
650 _aBATURITE
650 _aCEARA
909 _a202309
_bLucia
_c55
_dLucia Elande
942 _cBK
999 _c20519
_d20519